000 01002nam a2200361 a 4500
003 AR-BaBNM
005 20251128204111.0
008 082120s2002 ||||||||||||||000 | spa||
020 _a950-25-1579-X
040 _cAR-BaBNM
100 1 _aPagani, Estela
245 0 0 _aMercado laboral del menor [1900-1940]
260 _aBuenos Aires
_bCentro Editor de América Latina
_c1991
300 _a109 p.
_bgráfs.
490 0 _aBiblioteca política Argentina
_vv. 310
500 _aContiene: anexo documental
504 _aContiene: notas y bibliografía
650 4 _aSIGLO VEINTE
650 4 _aMERCADO DE TRABAJO
650 4 _aPROBLEMAS SOCIALES
650 4 _aDERECHO DE FAMILIA
650 4 _aDERECHOS DEL NIÑO
650 4 _aESTADO
650 4 _aHISTORIA SOCIAL
650 4 _aSALUD
650 4 _aTRABAJO DE MENORES
650 4 _aESCUELAS
650 4 _aTRABAJADORES
700 1 _aAlcaraz, María Victoria
800 1 _aTroncoso, Oscar
_edirector
942 _cBK
998 _cGrace
999 _c6168
_d6168